| 000 | 01536nam a22004217a 4500 | ||
|---|---|---|---|
| 001 | 000095137 | ||
| 003 | CHAP | ||
| 005 | 20220329143058.0 | ||
| 008 | 060125d2006 mx r 00110 spa d | ||
| 010 | _a91603 | ||
| 011 | _a92575 | ||
| 035 | _a103140 | ||
| 040 | _cCHAP | ||
| 090 | _aTesis | ||
| 100 | 1 |
_aOrtíz Rodríguez, Jesús Noé. _984131 |
|
| 245 | 1 | 0 |
_aSupervivencia y crecimiento de una plantación de Pinus hartwegii Lindl. en áreas quemadas / _c/por Jesús Noé Ortíz Rodríguez. |
| 260 |
_aChapingo, Méx. : _bEl autor, _c2006. |
||
| 300 | _a21 h. | ||
| 502 | _aTesis (Ing. en Restauración Forestal) -- UACH. División de Ciencias Forestales | ||
| 590 |
_aALEPH _b10 _c20130110 _lUCH01 _h1508 |
||
| 590 |
_aBATCH-UPD _b10 _c20130110 _lUCH01 _h1748 |
||
| 590 |
_aBATCH-UPD _b10 _c20130410 _lUCH01 _h0007 |
||
| 590 |
_aBATCH-UPD _b10 _c20130914 _lUCH01 _h1854 |
||
| 590 |
_aBATCH-UPD _b10 _c20140324 _lUCH01 _h1453 |
||
| 590 |
_aBATCH-UPD _b10 _c20141002 _lUCH01 _h0828 |
||
| 590 |
_aCONVERSION _b10 _c20130109 _lUCH01 _h1351 |
||
| 590 |
_aE792CSJ _b10 _c20130613 _lUCH01 _h1045 |
||
| 650 | 1 | 4 |
_aPinus hartwegii. _988340 |
| 650 | 1 | 4 |
_aQuema controlada. _993164 |
| 650 | 1 | 4 |
_aReforestación. _995474 |
| 856 |
_3Finding aid _uhttp://10.13.5.2/tesis/103140.pdf _zTeclea aquí |
||
| 901 | _aBK | ||
| 905 | _aAlejandra Carrasco M. | ||
| 942 | _cCD | ||
| 942 | _n0 | ||
| 949 |
_aTesis _bBC _cTES _d00000001031401 _eTS1 _gDonaciØn _h44168 _i103140 _sb |
||
| 949 |
_aTesis _bBC _cTES _d33724000968921 _eTS2 _fc.2 _gDonaciØn _h44169 _i103140 _sb |
||
| 999 |
_c91603 _d91603 |
||